000 00365cam a2200145ua 4500
041 _aeng
_h
082 _a631.4
_bIAH/FU
100 _aIahr, .
245 _aFundamentals of transport phenomena in porous media /
_cIahr.
_hTextual Documents
260 _aAmsterdam :
_bElsevier ,
_c1972.
300 _a392 ; .
504 _a
942 _cBK
999 _c7727
_d7727